000 00922 a2200241 4500
001 37693
005 20260407155643.0
008 260407a1962 arg spa d
003 AR-UNSa-BCEJYS
040 _aAR-UNSa-BCEJYS
_bspa
_cAR-UNSa-BCEJYS
080 _a330.101.542
_xMicroeconomía
245 1 0 _aTeoría microeconómica
_puna aproximación matemática
264 1 _aBarcelona :
_bAriel
_c1962
300 _axv, 334 p.
_c23 cm.
505 _a1. Introducción - 2. La teoría de la conducta del consumidor - 3. La teoría de la empresa - 4. El equilibrio del mercado - 5. El equilibrio del multimercado - 6. Competencia monopolística - 7. La economía del bienestar - 8. Optimización temporal
041 _aspa
942 _cBK
590 _aniveau_biblio:m niveau_hierar:0
100 1 _aFigueroa, Emilio de
700 1 _aQuandt, Richard E.
700 1 _aHenderson, James M.
700 1 _aLasuen, José Ramón
999 _c2782
_d2782